Point Cloud Data Fusion for Enhancing 2D Urban Flood Modelling /

Gespeichert in:
Bibliographische Detailangaben
1. Verfasser: Meesuk, Vorawit (Verfasst von)
Format: Buch
Sprache:Englisch
Veröffentlicht: Delft: CRC Press, 2017
Schlagworte:
Tags: Tag hinzufügen
Keine Tags, Fügen Sie das erste Tag hinzu!

MARC

LEADER 00000nam a22000003a 4500
001 0069896
003 SK-STU
005 20181217132733.6
007 ta
008 181217s ----xo-----e------000-0-----d
020 |a 978-1-138-30617-2 
040 |a STU  |b slo 
041 0 |a eng  |h eng 
044 |a ne 
100 1 |a Meesuk, Vorawit  |4 aut  |r Z6 
245 1 0 |a Point Cloud Data Fusion for Enhancing 2D Urban Flood Modelling /  |c aut. Vorawit Meesuk 
260 |a Delft:  |b CRC Press,  |c 2017 
300 |a 296 s. 
650 0 7 |a flood 
650 0 7 |a modeling 
650 0 7 |a data fusion 
650 0 7 |a urban 
996 |c V* 52838/O-23995  |l VV7  |s P  |a 0  |w 0069896_0001